000 00778nam a2200217 a 4500
001 001003223
003 AM-YeHGA
005 20250618075657.0
008 140220s1956 er r 000 0 rus d
040 _aAM-YeHGA
041 0 _arus
100 1 _aЛюбарский, Анатолий Владимирович
245 1 0 _aСлово дружбы :
_bИсторические очерки, материалы /
_cА.В. Любарский.
260 _aТаллин :
_bЭстонское гос. изд-во,
_c1956.
300 _a537 с. :
_bпортр., рис. ;
_c22 см.
504 _aБиблиогр. в подстроч. примеч.
650 1 4 _aЦивилизация
650 1 4 _aКультура
_95174
650 1 4 _aПрогресс
090 _c487708
999 _c484344
_d484344